|
|
|
|
| LEADER |
00000nab a2200000 a 4500 |
| 001 |
vtls008938165 |
| 003 |
SK-MaSNL |
| 005 |
20260304134937.0 |
| 008 |
250505c2006 xo qr|p|||||||000 b|slo |
| 015 |
|
|
|a SNBRB2007/01
|2 snkbucl
|
| 035 |
|
|
|a (sysno)vtls008938165
|
| 035 |
|
|
|a urn:nbn:sk:snk-ab7bns
|
| 035 |
|
|
|a (uuid)75642b62-07b6-4f7f-a939-df4b7e8aae93
|
| 035 |
|
|
|a (urnnbn)urn:nbn:sk:snk:ar-a07hkc
|
| 040 |
|
|
|a SNKBUCL
|b slo
|c SNKBUCL
|e AACR2
|
| 041 |
0 |
|
|a slo
|b eng
|
| 044 |
|
|
|a xo
|c SK
|
| 080 |
|
|
|a 378.4(083.94)
|x (437.6)
|2 2001
|
| 080 |
|
|
|a 327.39
|x (4)
|2 2001
|
| 080 |
|
|
|a 341.232.2
|x (4:437.6)
|2 2001
|
| 100 |
1 |
|
|a Kollárová, Marta,
|d 1947-
|4 aut
|9 92760
|
| 245 |
1 |
0 |
|a Bremeno byrokracie
|c Marta Kollárová
|
| 300 |
|
|
|b Fotogr.
|
| 546 |
|
|
|a Res. angl.
|
| 610 |
2 |
7 |
|a Univerzita Komenského v Bratislave
|2 SNKKA
|9 221617
|
| 650 |
0 |
7 |
|a európske fondy
|2 snkbucl
|9 151860
|
| 650 |
0 |
7 |
|a využívanie
|2 snkbucl
|9 458995
|
| 650 |
0 |
7 |
|a projekty
|2 snkbucl
|9 18866
|
| 773 |
0 |
|
|t Forum scientiae et sapientiae
|g Roč. XIII, č. 3 (2006), s. 22-23
|x 1335-566X
|
| 850 |
|
|
|a Slovenská národná knižnica
|
| 852 |
|
|
|a Slovenská národná knižnica
|
| 954 |
|
|
|a odborná, vedecká literatúra pôvodná (slovenská)
|2 lita
|
| 958 |
|
|
|a article27
|
| 958 |
|
|
|a SK
|
| 958 |
|
|
|a OND
|
| 958 |
|
|
|a EUIPO
|
| 999 |
|
|
|c 2908813
|d 2910743
|